Corrections Forum (Registro nro. 162313)
[ vista simple ]
| 000 -LEADER | |
|---|---|
| fixed length control field | 00927nas a22002417a 4500 |
| 007 - PHYSICAL DESCRIPTION FIXED FIELD--GENERAL INFORMATION | |
| fixed length control field | cr|||| |||| |
| 008 - FIXED-LENGTH DATA ELEMENTS--GENERAL INFORMATION | |
| fixed length control field | 130315c19929999xxubr|p s|||| 0|||a1eng d |
| 022 ## - | |
| -- | 10729275 |
| 035 ## - | |
| -- | 7176 |
| 040 ## - CATALOGING SOURCE | |
| Original cataloging agency | vLex |
| 090 ## - | |
| -- | 3935 |
| -- | 3935 |
| 245 00 - TITLE STATEMENT | |
| Title | Corrections Forum |
| Medium | [Recurso electrónico] |
| 256 ## - | |
| -- | Servicio en línea |
| 260 ## - PUBLICATION, DISTRIBUTION, ETC. (IMPRINT) | |
| Place of publication, distribution, etc | Hermosa Beach, CA : |
| Name of publisher, distributor, etc | Criminal Justice Media, Inc., |
| Date of publication, distribution, etc | 1992- |
| 300 ## - PHYSICAL DESCRIPTION | |
| Extent | 1 Recurso electrónico |
| 506 ## - RESTRICTIONS ON ACCESS NOTE | |
| Authorized users | vLex Global |
| -- | vLex Global (Academic Edition, excluding Law Schools) |
| -- | vLex Global (U.S. Academic Edition, Law Schools) |
| -- | vLex Global (U.S. Academic Edition, excluding Law Schools) |
| -- | vLex Global (Academic Edition, Law Schools) |
| 650 04 - SUBJECT ADDED ENTRY--TOPICAL TERM | |
| Topical term or geographic name as entry element | Derecho tributario |
| Form subdivision | Revistas |
| 650 04 - SUBJECT ADDED ENTRY--TOPICAL TERM | |
| Topical term or geographic name as entry element | Economía |
| Form subdivision | Revistas |
| 740 ## - | |
| -- | vLex Revistas (Servicio en línea) |
| 856 ## - LOCALIZACIÓN Y ACCESO ELECTRÓNICO | |
| Host name | Acceso restringido |
| Identificador Uniforme del Recurso (URI/URL) | http://www.vlex.com/source/7176 |
| 942 ## - | |
| -- | RAA |
| 999 ## - | |
| -- | 162313 |
| -- | 162313 |
No hay ítems disponibles.